书目信息 |
| 题名: |
纳税会计实务
|
|
| 作者: | 安仲文 , 蒙丽珍 主编 | |
| 分册: | ||
| 出版信息: | 大连 东北财经大学出版社 2007 |
|
| 页数: | 383页 | |
| 开本: | 18cm | |
| 丛书名: | 21世纪高等院校简明实用教材 | |
| 单 册: | ||
| 中图分类: | F810.42 | |
| 科图分类: | ||
| 主题词: | 税收会计--shui shou hui ji--高等学校--教材 | |
| 电子资源: | ||
| ISBN: | 978-7-81084-983-8 | |
| 000 | 01068nam 2200289 450 | |
| 001 | 0100000495 | |
| 005 | 20080612104528.28 | |
| 010 | @a978-7-81084-983-8@dCNY21.00 | |
| 100 | @a20080525d2007 ekmy0chiy50 ea | |
| 101 | 0 | @achi |
| 102 | @aCN@b210000 | |
| 105 | @ak a 000yy | |
| 200 | 1 | @a纳税会计实务@Ana shui hui ji shi wu@f安仲文, 蒙丽珍主编 |
| 210 | @a大连@c东北财经大学出版社@d2007 | |
| 215 | @a383页@d18cm | |
| 225 | 2 | @a21世纪高等院校简明实用教材@A21 shi ji gao deng yuan jiao jian ming shi yong jiao cai |
| 312 | @a英文并列题名取自封面 | |
| 320 | @a有书目 (第383页) | |
| 330 | @a本书是根据税法的最新规定, 结合《企业会计制度》及新实施的具体会计准则, 并在充分借鉴国内外纳税会计研究成果的基础上编写... | |
| 410 | 0 | @12001 @a21世纪高等院校简明实用教材 |
| 510 | 1 | @aPractice in taxation accounting@zeng |
| 606 | 0 | @a税收会计@Ashui shou hui ji@x高等学校@j教材 |
| 690 | @aF810.42@v4 | |
| 701 | 0 | @a安仲文@Aan zhong wen@4主编 |
| 701 | 0 | @a蒙丽珍@Amang li zhen@4主编 |
| 801 | 0 | @aCN@c20080612 |
| 905 | @b20801134-36@dF810.42@eA708@fF810.42/A708 | |
| 纳税会计实务/安仲文, 蒙丽珍主编.-大连:东北财经大学出版社,2007 |
| 383页;18cm.-(21世纪高等院校简明实用教材) |
| ISBN 978-7-81084-983-8:CNY21.00 |
| 本书是根据税法的最新规定, 结合《企业会计制度》及新实施的具体会计准则, 并在充分借鉴国内外纳税会计研究成果的基础上编写... |
| ● |
| 相关链接 |
|
|
|
正题名:纳税会计实务
索取号:F810.42/A708
 
预约/预借
| 序号 | 登录号 | 条形码 | 馆藏地/架位号 | 状态 | 备注 |
| 1 | 800385 | 208003854 | 社科库409/409社科库 49排4列5层/ [索取号:F810.42/A708] | 在馆 | |
| 2 | 800386 | 208003863 | 社科库409/422社科库 34排1列3层/ [索取号:F810.42/A708] | 在馆 |